Foma Bohemia - filmy, zvířata a reklama

Marketingový program firmy Foma Bohemia, Hradec Králové. Výrobný program firmy. Reklamné prostriedky. Mediálna kampaň na Equicolor. Design obalov.

Guardado en:
Detalles Bibliográficos
Formato: Capítulo de libro
Lenguaje:checo
Materias:
Etiquetas: Agregar Etiqueta
Sin Etiquetas, Sea el primero en etiquetar este registro!

MARC

LEADER 00000naa a2200000 4500
001 r022041
005 20230911123626.4
041 0 |a cze 
044 |a CZ 
245 1 0 |a Foma Bohemia - filmy, zvířata a reklama 
520 |a Marketingový program firmy Foma Bohemia, Hradec Králové. Výrobný program firmy. Reklamné prostriedky. Mediálna kampaň na Equicolor. Design obalov. 
610 2 0 |a marketing 
610 2 0 |a reklama 
610 2 0 |a Foma Bohemia, s.r.o. Hradec Králové 
610 2 0 |a programy výrobné 
610 2 0 |a médiá 
610 2 0 |a dizajn 
610 2 0 |a obaly 
610 2 0 |a fotografia 
610 2 0 |a prostriedky reklamné